000 00874cam a2200253 4500
001 WB3649-19
008 000000n2000 000 0 eng u
035 _a(Sirsi) u109936
245 _aBuild on a property portfolio
260 _c2000
490 _aSunday Business
_v 10 December 2000, 27(1)
520 _aDiscusses property investment and the range of different ways of investing. Warns that while property does not seem as exciting as sectors such as media and technology, property funds produce steady growth and good returns. Looks at performance of unit trusts.
590 _aWB
650 _aPROPERTY FUNDS
650 _aFUND MANAGEMENT
650 _aRETURNS
650 _aUNIT TRUSTS
650 _aOFFICE SECTOR
650 _aINVESTMENT PROPERTY
650 _aINDUSTRIAL SECTOR
650 _aRETAIL SECTOR
690 _aINVESTMENT
942 _n0
999 _c65577
_d65577